Which French Composer? - Statistics

General Stats
  • This quiz has been taken 66 times
    48 since last reset
  • The average score is 11 of 15
Answer Stats
Question Answer % Correct
The Carnival of the Animals Camille Saint-Saëns
100%
Danse macabre Camille Saint-Saëns
100%
Faust Charles Gounod
100%
Prélude à l'après-midi d'un faune (Prelude to the Afternoon of a Faun) Claude Debussy
100%
La Mer (The Sea) Claude Debussy
100%
Gymnopédies Erik Satie
100%
Carmen Georges Bizet
100%
Symphonie Fantastique Hector Berlioz
100%
Bolero Maurice Ravel
100%
Daphnis and Chloe Maurice Ravel
50%
Quartet for the End of Time Olivier Messiaen
50%
The Sorcerer's Apprentice Paul Dukas
50%
La création du monde (The Creation of the World) Darius Milhaud
0%
L'art de Toucher le Clavecin (The Art of Harpsichord Playing) François Couperin
0%
Messe de Nostre Dame Guillaume de Machaut
0%
No matching quizzes found
Score Distribution
Percent of People with Each Score
Percentile by Number Answered
Your Score History
You have not taken this quiz since the last reset